000
00294nam a22001337a 4500
008
170817b xxu||||| |||| 00| 0 eng d
020
_a
9780131924956
041
_a
eng
080
_2
3RD
_a
311
100
_a
51
101
_a
MAT
245
_a
ELEMENTARY STATISTICS
_c
LARSON,R
942
_2
udc
_c
BK
999
_c
23970
_d
23970